Revisi lengkap UPSR : matematik tahun 4,5,6 KBSR

Bibliographic Details
Main Author: Liew, Doris
Format: Book
Published: Petaling Jaya : Sasbadi Sdn. Bhd. , 1993
Subjects:

MARC

LEADER 00000cam a2200000 7i4500
001 0000006126
002 000006616
005 20000330.0
020 |a T000000535 
090 0 0 |a 510   |b LIE 
100 1 |a Liew, Doris 
245 1 0 |a Revisi lengkap UPSR :   |b matematik tahun 4,5,6 KBSR   |c Doris Liew 
260 |a Petaling Jaya :   |b Sasbadi Sdn. Bhd. ,   |c 1993 
300 |a 218p. ;   |c 26cm. 
650 0 0 |a Mathematics 
999 |a 038295   |b BUKU   |c JUNIOR BOOKS   |e PERPUSTAKAAN KOMUNITI PETALING JAYA